[Event "Havana Municipal-ch 12th"]
[Site "Havana"]
[Date "2009.09.22"]
[Round "7"]
[White "Fernandez Rodriguez, Carlos Antonio"]
[Black "Margolles Acosta, Livan"]
[Result "1/2-1/2"]
[WhiteElo "2026"]
[BlackElo "1990"]
[PlyCount "64"]
[EventDate "2009.09.15"]
[EventType "swiss"]
[EventRounds "11"]
[EventCountry "CUB"]
[EventCategory "1"]
[SourceTitle "EXT 2012"]
[Source "ChessBase"]
[SourceDate "2011.11.24"]
[SourceVersion "1"]
[SourceVersionDate "2011.11.24"]
[SourceQuality "1"]

1. d4 d5 2. c4 c6 3. e3 Nf6 4. Nc3 e6 5. Nf3 Be7 6. Bd2 Nbd7 7. Rc1 0-0 8. a3 dxc4 9. Bxc4 b5 10. Ba2 Bb7 11. 0-0 a6 12. Re1 c5 13. Bb1 cxd4 14. exd4 Nb6 15. Ne4 Nbd5 16. Nc5 Qb6 17. Nxb7 Qxb7 18. h3 b4 19. axb4 Bxb4 20. Ba2 Bxd2 21. Bxd5 Nxd5 22. Qxd2 Rab8 23. Ra1 Rfc8 24. Rec1 Nb4 25. Rc3 Nd5 26. Rxc8+ Rxc8 27. Rc1 Rb8 28. Qc2 Nb4 29. Qc7 Qxc7 30. Rxc7 Nd3 31. b3 h6 32. Rc3 Nf4 1/2-1/2